[Event "Schleswig Holstein-ch M 59th"]
[Site "Buesum"]
[Date "2004.??.??"]
[Round "1"]
[White "Schwarz, Oliver"]
[Black "Krueger, Wolfgang"]
[Result "1/2-1/2"]
[WhiteElo "2137"]
[BlackElo "2221"]
[PlyCount "59"]
[EventDate "2004.??.??"]
[EventType "swiss"]
[EventRounds "9"]
[EventCountry "GER"]
[SourceTitle "EXT 2010"]
[Source "ChessBase"]
[SourceDate "2010.11.25"]
[SourceVersion "1"]
[SourceVersionDate "2010.11.25"]
[SourceQuality "1"]

1. d4 Nf6 2. c4 e5 3. dxe5 Ng4 4. Bf4 Nc6 5. Nf3 Bb4+ 6. Nbd2 Qe7 7. a3 Ngxe5 8. Nxe5 Nxe5 9. e3 Bxd2+ 10. Qxd2 d6 11. Be2 0-0 12. 0-0 Re8 13. b4 a5 14. Rfc1 Ng6 15. Bg3 axb4 16. axb4 Be6 17. Qd4 Nf8 18. Bf3 Rxa1 19. Rxa1 Bc8 20. Ra7 Ne6 21. Qd2 Ng5 22. Qd1 Nxf3+ 23. Qxf3 h5 24. h4 g6 25. Qd5 Kg7 26. c5 dxc5 27. bxc5 c6 28. Qc4 Qe4 29. Qc3+ f6 30. Qd2 1/2-1/2